00471nam a2200169Ia 4500003000400000008004100004040001600045082001700061100001500078245006500093260004200158300001000200650002900210650001400239650001900253650002900272GCL140319s9999 xx 000 0 eng d aGCL / cGCL04a661.895bP P1 aPOWELL, P.10aPRINCIPLES OF ORGANETALLIC CHEMISTRY, 2ND ED. / cPOWELL, P. a[S.N] : bELBS WITH CHAPMAN ، c1988 a414 P04aORGANOMETALLIC COMPOUNDS04aCHEMISTRY04aORGANOMETALLIC04aORGANOMETALLIC CHEMISTRY